[Event "Privolzhskogo FO-ch"]
[Site "Togliatti"]
[Date "2011.03.14"]
[Round "5"]
[White "Korchmar, Vasiliy"]
[Black "Terentyev, Vitaly"]
[Result "1-0"]
[WhiteElo "2232"]
[BlackElo "2082"]
[PlyCount "83"]
[EventDate "2011.03.10"]
[EventType "swiss"]
[EventRounds "9"]
[EventCountry "RUS"]
[SourceTitle "CBM 141 Extra"]
[Source "ChessBase"]
[SourceDate "2011.05.03"]
[SourceVersion "1"]
[SourceVersionDate "2011.05.03"]
[SourceQuality "1"]

1. d4 g6 2. c4 Bg7 3. Nc3 d6 4. e4 Nf6 5. f3 0-0 6. Be3 Nc6 7. Qd2 a6 8. Nge2 Rb8 9. Rc1 e5 10. d5 Na5 11. Nd1 c5 12. b4 cxb4 13. Qxb4 b5 14. Nec3 Nb7 15. cxb5 axb5 16. Nxb5 Nd7 17. Qd2 Ndc5 18. Be2 f5 19. exf5 gxf5 20. 0-0 f4 21. Bf2 Bf5 22. Nb2 e4 23. Bd4 e3 24. Qc3 Rf7 25. Nd3 Bxd4 26. Nxd4 Nxd3 27. Bxd3 Bxd3 28. Qxd3 Ra8 29. Ne6 Qb6 30. Rc6 Qb2 31. Rc2 Qb6 32. Rfc1 Nc5 33. Qd4 Qb7 34. Nxc5 dxc5 35. Rxc5 Re8 36. d6 h6 37. Qd3 e2 38. Re1 Re3 39. Qc4 Qb6 40. d7 Rd3 41. Qxd3 Qxc5+ 42. Kh1 1-0

[Event "Privolzhskogo FO-ch"]
[Site "Togliatti"]
[Date "2011.03.13"]
[Round "4"]
[White "Terentyev, Vitaly"]
[Black "Ivanov, Rostislav"]
[Result "1-0"]
[WhiteElo "2082"]
[BlackElo "2235"]
[PlyCount "79"]
[EventDate "2011.03.10"]
[EventType "swiss"]
[EventRounds "9"]
[EventCountry "RUS"]
[SourceTitle "CBM 141 Extra"]
[Source "ChessBase"]
[SourceDate "2011.05.03"]
[SourceVersion "1"]
[SourceVersionDate "2011.05.03"]
[SourceQuality "1"]

1. d4 Nf6 2. c4 c5 3. d5 e6 4. Nc3 exd5 5. cxd5 d6 6. Nf3 g6 7. Nd2 Nbd7 8. e4 a6 9. a4 Bg7 10. Be2 0-0 11. 0-0 Re8 12. Qc2 Rb8 13. a5 Qc7 14. Nc4 h6 15. Bf4 Bf8 16. h3 Ne5 17. Bxe5 dxe5 18. Rfd1 Bd7 19. Nb6 Bd6 20. Rac1 Rf8 21. Nb1 Qd8 22. Na3 Qe7 23. Nac4 Be8 24. Bf3 Nd7 25. Nxd7 Bxd7 26. Nxd6 Qxd6 27. Qxc5 Qf6 28. Qe3 Kg7 29. Rc7 Rfd8 30. Be2 Qd6 31. Qb6 Qxb6 32. axb6 Kf6 33. Bc4 Be8 34. Rd3 Rd6 35. Rb3 Ba4 36. Rf3+ Kg5 37. Rcxf7 h5 38. b3 Be8 39. Re7 Rxb6 40. Rf8 1-0

[Event "Privolzhskogo FO-ch"]
[Site "Togliatti"]
[Date "2011.03.12"]
[Round "3"]
[White "Vlasenko, Miroslav"]
[Black "Terentyev, Vitaly"]
[Result "1-0"]
[WhiteElo "2354"]
[BlackElo "2082"]
[PlyCount "171"]
[EventDate "2011.03.10"]
[EventType "swiss"]
[EventRounds "9"]
[EventCountry "RUS"]
[SourceTitle "CBM 141 Extra"]
[Source "ChessBase"]
[SourceDate "2011.05.03"]
[SourceVersion "1"]
[SourceVersionDate "2011.05.03"]
[SourceQuality "1"]

1. d4 g6 2. c4 Bg7 3. Nc3 d6 4. e4 Nf6 5. f3 0-0 6. Be3 Nc6 7. Nge2 a6 8. a3 Rb8 9. b4 e5 10. d5 Ne7 11. Qd2 Ne8 12. g4 f5 13. g5 c6 14. Nc1 cxd5 15. cxd5 f4 16. Bf2 h5 17. Nb3 b6 18. Bd3 Bb7 19. h4 Nc8 20. Rc1 Rf7 21. Rc2 Bf8 22. Qe2 Ra8 23. Kd2 Qd7 24. a4 Be7 25. b5 a5 26. Qe1 Bd8 27. Bf1 Ng7 28. Bh3 Qe8 29. Qe2 Na7 30. Rhc1 Bc8 31. Bg2 Rb7 32. Kd1 Bd7 33. Qf1 Qe7 34. Qg1 Nc8 35. Nb1 Ne8 36. N3d2 Rab8 37. Nc4 Kh7 38. Kd2 Kg8 39. Rc3 Kh7 40. R1c2 Kg8 41. Qc1 Na7 42. Nba3 Kh7 43. Ke2 Kg8 44. Nd2 Kf7 45. Nb3 Kg8 46. Kd2 Kf7 47. Qf1 Bc7 48. Rc6 Nc8 49. Qc1 Qd8 50. Bf1 Kf8 51. Kd1 Kg7 52. R2c4 Kf8 53. Be1 Kg8 54. Qc3 Kg7 55. Nd4 Kh7 56. Ne6 Bxe6 57. dxe6 d5 58. exd5 Qxd5+ 59. Bd3 Ne7 60. Ke2 Nxc6 61. Rxc6 Bd6 62. Bc4 Qd4 63. Qxd4 exd4 64. Nc2 Be5 65. Kd3 Nd6 66. Bd5 Nf5 67. Ke4 Bg7 68. Bf2 d3 69. Kxd3 Rd8 70. Ke4 Ne7 71. Bb3 Rd2 72. Be1 Re2+ 73. Kd3 Rxe1 74. Nxe1 Nxc6 75. bxc6 Rc7 76. Bd5 Bf8 77. Kc4 Bd6 78. Kb5 Rc8 79. Kxb6 Rb8+ 80. Kxa5 Bb4+ 81. Ka6 Bxe1 82. c7 Re8 83. Bc6 Rc8 84. Kb7 Rxc7+ 85. Kxc7 Bb4 86. Kd7 1-0

[Event "Moscow op-E"]
[Site "Moscow"]
[Date "2011.02.05"]
[Round "8.185"]
[White "Sannikov, Ilya"]
[Black "Terentyev, Vitaly"]
[Result "0-1"]
[WhiteElo "1846"]
[BlackElo "2062"]
[PlyCount "54"]
[EventDate "2011.01.29"]
[EventType "swiss"]
[EventRounds "9"]
[EventCountry "RUS"]
[SourceTitle "EXT 2022"]
[Source "ChessBase"]
[SourceDate "2021.10.06"]
[SourceVersion "1"]
[SourceVersionDate "2021.10.06"]
[SourceQuality "1"]

1. e4 g6 2. d4 Bg7 3. c4 d6 4. Nc3 Nf6 5. Nf3 0-0 6. Bd3 e5 7. d5 Nbd7 8. b4 a5 9. b5 Nc5 10. 0-0 Ne8 11. Na4 Nxa4 12. Qxa4 b6 13. Qc2 h6 14. Ne1 f5 15. g3 f4 16. Ng2 f3 17. Ne3 h5 18. h4 Bf6 19. Rd1 Bxh4 20. gxh4 Qxh4 21. Bf1 Nf6 22. a4 Ng4 23. Nxg4 Qxg4+ 24. Kh1 Qh4+ 25. Kg1 Bh3 26. Qd3 Qg4+ 27. Kh1 Bg2+ 0-1

[Event "Moscow op-E"]
[Site "Moscow"]
[Date "2011.02.03"]
[Round "6.129"]
[White "Terentyev, Vitaly"]
[Black "Tabaryan, Artem"]
[Result "1/2-1/2"]
[WhiteElo "2062"]
[BlackElo "2234"]
[PlyCount "31"]
[EventDate "2011.01.29"]
[EventType "swiss"]
[EventRounds "9"]
[EventCountry "RUS"]
[SourceTitle "EXT 2022"]
[Source "ChessBase"]
[SourceDate "2021.10.06"]
[SourceVersion "1"]
[SourceVersionDate "2021.10.06"]
[SourceQuality "1"]

1. d4 d5 2. c4 e6 3. cxd5 exd5 4. Nc3 c6 5. Qc2 Nf6 6. Bg5 Nbd7 7. e3 Bd6 8. Bd3 h6 9. Bh4 Nf8 10. Nf3 Qe7 11. Bg3 Be6 12. Bxd6 Qxd6 13. Ne5 N6d7 14. Nxd7 Nxd7 15. 0-0 0-0 16. Ne2 1/2-1/2

[Event "Moscow op-E"]
[Site "Moscow"]
[Date "2011.01.29"]
[Round "1"]
[White "Kryakvin, Dmitry"]
[Black "Terentyev, Vitaly"]
[Result "1-0"]
[WhiteElo "2586"]
[BlackElo "2062"]
[PlyCount "43"]
[EventDate "2011.01.29"]
[EventType "swiss"]
[EventRounds "9"]
[EventCountry "RUS"]
[SourceTitle "CBM 140 Extra"]
[Source "ChessBase"]
[SourceDate "2011.03.01"]
[SourceVersion "1"]
[SourceVersionDate "2011.03.01"]
[SourceQuality "1"]

1. d4 g6 2. c4 Bg7 3. Nf3 d6 4. e4 Nf6 5. Nc3 0-0 6. h3 e5 7. d5 Na6 8. Bg5 h6 9. Be3 Ne8 10. g4 f5 11. gxf5 gxf5 12. exf5 Bxf5 13. Rc1 Nc5 14. Rg1 Kh7 15. b4 Ne4 16. Nxe4 Bxe4 17. Bd3 Bxd3 18. Qxd3+ Kh8 19. Qe4 Rf7 20. Nh4 Qf6 21. Rg6 Qe7 22. Rxh6+ 1-0

[Event "Kazan op"]
[Site "Kazan"]
[Date "2010.12.01"]
[Round "9"]
[White "Tokarev, Ilya"]
[Black "Terentyev, Vitaly"]
[Result "0-1"]
[WhiteElo "2267"]
[BlackElo "2031"]
[PlyCount "72"]
[EventDate "2010.11.22"]
[EventType "swiss"]
[EventRounds "9"]
[EventCountry "RUS"]
[SourceTitle "CBM 139 Extra"]
[Source "ChessBase"]
[SourceDate "2011.01.05"]
[SourceVersion "1"]
[SourceVersionDate "2011.01.05"]
[SourceQuality "1"]

1. c4 e5 2. Nc3 Nc6 3. Nf3 g6 4. d4 exd4 5. Nxd4 Bg7 6. Nxc6 bxc6 7. g3 Ne7 8. Bg2 d6 9. Bg5 f6 10. Bf4 0-0 11. 0-0 Be6 12. c5 d5 13. Qa4 g5 14. Bc1 h6 15. e3 Qd7 16. Rd1 f5 17. Ne2 Ng6 18. Nd4 Bxd4 19. Rxd4 Ne5 20. b3 Bf7 21. Bb2 Bh5 22. f4 Nf3+ 23. Bxf3 Bxf3 24. Kf2 Be4 25. Rb4 Qe8 26. Kg1 gxf4 27. exf4 Qg6 28. Rb7 Rac8 29. Rxa7 h5 30. Qd4 Kf7 31. Kf2 Qg4 32. Rg1 Rfe8 33. Qe3 Qh3 34. Qd4 Qxh2+ 35. Kf1 Re7 36. Qf2 Bd3+ 0-1

[Event "Kazan op"]
[Site "Kazan"]
[Date "2010.11.29"]
[Round "7"]
[White "Klochkov, Andrei"]
[Black "Terentyev, Vitaly"]
[Result "0-1"]
[WhiteElo "1841"]
[BlackElo "2031"]
[PlyCount "78"]
[EventDate "2010.11.22"]
[EventType "swiss"]
[EventRounds "9"]
[EventCountry "RUS"]
[SourceTitle "CBM 139 Extra"]
[Source "ChessBase"]
[SourceDate "2011.01.05"]
[SourceVersion "1"]
[SourceVersionDate "2011.01.05"]
[SourceQuality "1"]

1. d4 g6 2. c4 Bg7 3. Nc3 d6 4. e4 Nf6 5. Nf3 0-0 6. Be2 e5 7. 0-0 Nbd7 8. d5 Nc5 9. Qc2 a5 10. Ne1 Nfd7 11. f3 f5 12. Be3 f4 13. Bf2 g5 14. Nd3 Nxd3 15. Qxd3 Rf7 16. a3 b6 17. b4 Bf8 18. Rfc1 h5 19. Na4 Rg7 20. Qd1 Qf6 21. Rc3 Qg6 22. c5 axb4 23. axb4 bxc5 24. bxc5 g4 25. cxd6 g3 26. hxg3 fxg3 27. Be3 Bxd6 28. Nb2 Rxa1 29. Qxa1 Nf8 30. Nc4 Bd7 31. Rb3 h4 32. Nxe5 Qh7 33. Nxd7 Nxd7 34. Qa8+ Nf8 35. Qc8 Rd7 36. Bb5 Qg7 37. Qa8 Rf7 38. Qa7 c6 39. Qa6 cxb5 0-1

[Event "Kazan op"]
[Site "Kazan"]
[Date "2010.11.23"]
[Round "2"]
[White "Terentyev, Vitaly"]
[Black "Rukshin, Sergey"]
[Result "1-0"]
[WhiteElo "2031"]
[BlackElo "2079"]
[PlyCount "95"]
[EventDate "2010.11.22"]
[EventType "swiss"]
[EventRounds "9"]
[EventCountry "RUS"]
[SourceTitle "CBM 139 Extra"]
[Source "ChessBase"]
[SourceDate "2011.01.05"]
[SourceVersion "1"]
[SourceVersionDate "2011.01.05"]
[SourceQuality "1"]

1. d4 Nf6 2. c4 e6 3. Nc3 Bb4 4. Qc2 d5 5. cxd5 exd5 6. Bg5 c6 7. e3 0-0 8. Bd3 h6 9. Bh4 Re8 10. Nf3 Nbd7 11. 0-0 Bd6 12. Rab1 Qe7 13. Rfe1 g5 14. Bg3 Bxg3 15. hxg3 Ne4 16. Bxe4 dxe4 17. Nd2 Nf6 18. f3 Bf5 19. Nc4 Bh7 20. f4 Ng4 21. Ne5 Nxe5 22. fxe5 f6 23. Qb3+ Kg7 24. exf6+ Kxf6 25. Rf1+ Kg7 26. Na4 Bg8 27. Qa3 Qc7 28. Kh2 Rad8 29. Nc3 b6 30. b3 c5 31. dxc5 Qxc5 32. Qxc5 bxc5 33. Rbd1 Rd3 34. Nb5 Red8 35. Rc1 c4 36. bxc4 Rxe3 37. c5 Rd2 38. c6 Ree2 39. Rg1 Rc2 40. Rcd1 Rxa2 41. Nc3 e3 42. c7 Be6 43. Rd8 Rec2 44. Nxa2 Rxc7 45. Nc1 Rc2 46. Rd3 e2 47. Re3 Bg4 48. Re1 1-0

[Event "The Hopes of the World U14/16 7th"]
[Site "St Constantin and Helena"]
[Date "2010.06.26"]
[Round "4"]
[White "Terentyev, Vitaly"]
[Black "Styazhkina, Anna"]
[Result "1/2-1/2"]
[WhiteElo "2000"]
[BlackElo "1973"]
[PlyCount "54"]
[EventDate "2010.06.23"]
[EventType "swiss"]
[EventRounds "7"]
[EventCountry "BUL"]
[SourceTitle "EXT 2012"]
[Source "ChessBase"]
[SourceDate "2011.11.24"]
[SourceVersion "1"]
[SourceVersionDate "2011.11.24"]
[SourceQuality "1"]

1. d4 d5 2. c4 c6 3. cxd5 cxd5 4. Nc3 Nc6 5. Bf4 e5 6. dxe5 d4 7. Ne4 Bf5 8. Nd6+ Bxd6 9. exd6 Nf6 10. Nf3 Qb6 11. Qb3 Qxb3 12. axb3 Nd5 13. Bg3 Ndb4 14. Kd2 Be6 15. Ra3 Rc8 16. e3 dxe3+ 17. fxe3 0-0 18. Bc4 Bf5 19. Rc1 a6 20. Ne1 Rfd8 21. Be2 f6 22. Bf3 Rb8 23. Bxc6 Nxc6 24. Nf3 Rbc8 25. Raa1 Be4 26. Rc3 Na7 27. Nd4 Kf7 1/2-1/2

[Event "The Hopes of the World U14/16 7th"]
[Site "St Constantin and Helena"]
[Date "2010.06.25"]
[Round "3"]
[White "Subbotsky, Mikhail"]
[Black "Terentyev, Vitaly"]
[Result "1/2-1/2"]
[WhiteElo "1954"]
[BlackElo "2000"]
[PlyCount "55"]
[EventDate "2010.06.23"]
[EventType "swiss"]
[EventRounds "7"]
[EventCountry "BUL"]
[SourceTitle "EXT 2012"]
[Source "ChessBase"]
[SourceDate "2011.11.24"]
[SourceVersion "1"]
[SourceVersionDate "2011.11.24"]
[SourceQuality "1"]

1. d4 g6 2. e4 Bg7 3. Nc3 d6 4. f4 Nf6 5. Nf3 c5 6. dxc5 Qa5 7. Qd4 Qxc5 8. Qxc5 dxc5 9. e5 Ng8 10. Nd5 Kd8 11. Be3 e6 12. Nc3 b6 13. 0-0-0+ Ke7 14. Nb5 Na6 15. Nd6 Nb4 16. Bc4 Nh6 17. Bf2 Nf5 18. g4 Nxd6 19. exd6+ Kd7 20. Ne5+ Bxe5 21. fxe5 Bb7 22. Bb5+ Bc6 23. Bxc6+ Nxc6 24. Bg3 h6 25. Rhf1 Rh7 26. c3 Rf8 27. Rf6 Nb8 28. Rdf1 1/2-1/2

[Event "The Hopes of the World U14/16 7th"]
[Site "St Constantin and Helena"]
[Date "2010.06.24"]
[Round "2"]
[White "Terentyev, Vitaly"]
[Black "Dragieva, Denitza"]
[Result "1-0"]
[WhiteElo "2000"]
[BlackElo "1782"]
[PlyCount "73"]
[EventDate "2010.06.23"]
[EventType "swiss"]
[EventRounds "7"]
[EventCountry "BUL"]
[SourceTitle "EXT 2012"]
[Source "ChessBase"]
[SourceDate "2011.11.24"]
[SourceVersion "1"]
[SourceVersionDate "2011.11.24"]
[SourceQuality "1"]

1. d4 d5 2. c4 e6 3. cxd5 exd5 4. Nc3 c5 5. Nf3 Nc6 6. Bf4 Nf6 7. e3 c4 8. Ne5 Be7 9. Be2 0-0 10. 0-0 Be6 11. h3 Nd7 12. Nxd7 Qxd7 13. e4 Rad8 14. Bxc4 dxc4 15. d5 Bxd5 16. Nxd5 Bd6 17. Be3 Bb8 18. Qe2 Ne5 19. Rfd1 Qe6 20. Nf4 Qc6 21. Nd5 Qe6 22. Rd4 b5 23. Nf4 Qc8 24. Rd5 Qb7 25. Rad1 Nc6 26. Nh5 Rxd5 27. Rxd5 f6 28. Qg4 Ne5 29. Qe6+ Kh8 30. Bc5 Qc8 31. Qe7 Rg8 32. Nxf6 Ng6 33. Qf7 Rd8 34. Nh5 Rg8 35. Bd4 Qf8 36. Qb7 Nf4 37. Rf5 1-0

[Event "Nezhmetdinov Memorial 32nd"]
[Site "Kazan"]
[Date "2010.06.08"]
[Round "9"]
[White "Bezgodova, Svetlana"]
[Black "Terentyev, Vitaly"]
[Result "0-1"]
[WhiteElo "2112"]
[BlackElo "2000"]
[PlyCount "92"]
[EventDate "2010.05.31"]
[EventType "swiss"]
[EventRounds "9"]
[EventCountry "RUS"]
[SourceTitle "CBM 136 Extra"]
[Source "ChessBase"]
[SourceDate "2010.07.02"]
[SourceVersion "2"]
[SourceVersionDate "2010.07.15"]
[SourceQuality "1"]

1. Nf3 g6 2. e4 Bg7 3. d4 d6 4. Nc3 Nf6 5. Be2 0-0 6. 0-0 a6 7. a4 b6 8. Re1 Bb7 9. Bf1 e6 10. h3 c5 11. Bg5 h6 12. Bh4 g5 13. Bg3 cxd4 14. Nxd4 Ne8 15. Qd2 Bxd4 16. Qxd4 Nc6 17. Qe3 e5 18. f3 Nd4 19. Bd3 Ng7 20. Bf2 Nge6 21. Nd1 Nf4 22. c3 Nb3 23. Ra3 Nc5 24. Bf1 Bc6 25. a5 bxa5 26. Qd2 a4 27. Ne3 Qf6 28. g3 Nh5 29. Bg2 Rfd8 30. Rd1 Ng7 31. Ng4 Qe6 32. Bxc5 dxc5 33. Qxd8+ Rxd8 34. Rxd8+ Kh7 35. Ne3 Qe7 36. Rd2 c4 37. Kf1 Qc5 38. Ke2 Nh5 39. Nf5 Qg1 40. Bf1 Nxg3+ 41. Nxg3 Qxg3 42. Ra1 h5 43. Rd6 g4 44. hxg4 hxg4 45. Rxc6 Qxf3+ 46. Kd2 Qf4+ 0-1

[Event "Nezhmetdinov Memorial 32nd"]
[Site "Kazan"]
[Date "2010.06.03"]
[Round "4"]
[White "Terentyev, Vitaly"]
[Black "Kamov, Igor"]
[Result "1/2-1/2"]
[WhiteElo "2000"]
[BlackElo "2179"]
[PlyCount "92"]
[EventDate "2010.05.31"]
[EventType "swiss"]
[EventRounds "9"]
[EventCountry "RUS"]
[SourceTitle "CBM 136 Extra"]
[Source "ChessBase"]
[SourceDate "2010.07.02"]
[SourceVersion "2"]
[SourceVersionDate "2010.07.15"]
[SourceQuality "1"]

1. d4 Nf6 2. c4 c5 3. d5 e6 4. Nc3 exd5 5. cxd5 d6 6. Nf3 g6 7. Nd2 Nbd7 8. e4 a6 9. a4 Bg7 10. Be2 0-0 11. 0-0 Re8 12. Qc2 Qc7 13. Nc4 Nb6 14. Ne3 Qe7 15. Bf3 Nbd7 16. Nc4 Ne5 17. Nxe5 Qxe5 18. g3 Bg4 19. Bg2 Bd7 20. a5 Bb5 21. Bf4 Qe7 22. Rfe1 Ng4 23. Nxb5 axb5 24. Qe2 Ne5 25. Qxb5 c4 26. Bxe5 Qxe5 27. Qxc4 Qxb2 28. Rab1 Qd2 29. Red1 Qxa5 30. Rxb7 Rec8 31. Qb5 Qa3 32. Qd7 Rf8 33. Qg4 Qa2 34. Qf4 Qa6 35. Rdb1 Bd4 36. R7b4 Qa2 37. Bh3 Bc5 38. R4b2 Qc4 39. Bf1 Qc3 40. Rb3 Qd4 41. Rd3 Qg7 42. Bh3 Ra2 43. Rf3 Re2 44. Bf1 Rb2 45. Rxb2 Qxb2 46. Qf6 Qxf6 1/2-1/2

[Event "Nezhmetdinov Memorial 32nd"]
[Site "Kazan"]
[Date "2010.06.01"]
[Round "2"]
[White "Terentyev, Vitaly"]
[Black "Khaziev, Anvar"]
[Result "1-0"]
[WhiteElo "2000"]
[BlackElo "2012"]
[PlyCount "95"]
[EventDate "2010.05.31"]
[EventType "swiss"]
[EventRounds "9"]
[EventCountry "RUS"]
[SourceTitle "CBM 136 Extra"]
[Source "ChessBase"]
[SourceDate "2010.07.02"]
[SourceVersion "2"]
[SourceVersionDate "2010.07.15"]
[SourceQuality "1"]

1. d4 d5 2. c4 e5 3. dxe5 d4 4. Nf3 Nc6 5. Bf4 Bb4+ 6. Nbd2 Nge7 7. a3 Ng6 8. axb4 Nxf4 9. b5 Nb4 10. Qb3 c5 11. bxc6 Nxc6 12. g3 Ng6 13. Bg2 Qe7 14. 0-0 0-0 15. Ne4 Ngxe5 16. Nxe5 Nxe5 17. Rfd1 Nc6 18. Qa3 Rd8 19. Qxe7 Nxe7 20. Nc5 Nc6 21. Bxc6 bxc6 22. e3 d3 23. Rxd3 Rxd3 24. Nxd3 Be6 25. b3 a5 26. Nc5 Kf8 27. e4 Ke7 28. f4 Bc8 29. b4 Rb8 30. bxa5 Kd6 31. Na4 c5 32. Rd1+ Kc6 33. Nb6 Bg4 34. Rd2 g6 35. e5 Be6 36. Kf2 h5 37. Rd6+ Kc7 38. Ke3 Rb7 39. Rd2 Rxb6 40. axb6+ Kxb6 41. Rd6+ Kb7 42. Rxe6 fxe6 43. h3 Kc7 44. g4 hxg4 45. hxg4 Kd7 46. Ke4 Ke7 47. f5 g5 48. f6+ 1-0

[Event "EU-chT School U14 4th"]
[Site "Varna"]
[Date "2009.06.17"]
[Round "4.2"]
[White "Pavlova, Anna Maria"]
[Black "Terentyev, Vitaly"]
[Result "1-0"]
[WhiteElo "1693"]
[BlackElo "1938"]
[PlyCount "135"]
[EventDate "2009.06.13"]
[EventType "team"]
[EventRounds "5"]
[EventCountry "BUL"]
[SourceTitle "EXT 2020"]
[Source "ChessBase"]
[SourceDate "2019.10.17"]
[SourceVersion "1"]
[SourceVersionDate "2019.10.17"]
[SourceQuality "1"]

1. e4 g6 2. d4 Bg7 3. Nc3 d6 4. Be3 Nf6 5. Qd2 c6 6. f3 h5 7. Bd3 Nbd7 8. h3 a6 9. f4 b5 10. Nf3 Bb7 11. 0-0 c5 12. e5 Nd5 13. Nxd5 Bxd5 14. c3 c4 15. Bc2 e6 16. Qf2 Bxf3 17. Qxf3 d5 18. g3 Qe7 19. Bd2 a5 20. a3 Nb6 21. Kg2 Kd7 22. Rh1 Rh7 23. Qf2 Rah8 24. Qf3 Qd8 25. Qf2 Bf8 26. Qe1 a4 27. Qe2 Nc8 28. Rag1 Ne7 29. g4 hxg4 30. hxg4 Bg7 31. Rxh7 Rxh7 32. Rh1 Rxh1 33. Kxh1 Qh8+ 34. Qh2 Qxh2+ 35. Kxh2 f6 36. Kg3 Ke8 37. Be3 Kf7 38. Kf3 Nc6 39. exf6 Bxf6 40. g5 Be7 41. Ke2 Na5 42. Kf2 Nb3 43. Bxb3 axb3 44. Bc1 e5 45. dxe5 Ke6 46. Ke2 Kf5 47. Kd1 Bc5 48. Bd2 Ke4 49. Kc1 Be7 50. Kd1 Bf8 51. Kc1 Kd3 52. Be1 Bc5 53. Bd2 Ke4 54. Kd1 d4 55. cxd4 Bxd4 56. Kc1 Bb6 57. e6 Bd8 58. Bb4 Kxf4 59. e7 Bxe7 60. Bxe7 Ke3 61. Bf6 Ke2 62. Bc3 Ke3 63. Kd1 Kd3 64. Ke1 Ke3 65. Bf6 Kd3 66. Kf2 Ke4 67. Ke2 Kf4 68. Kd2 1-0

[Event "Privolzhskogo FO-ch"]
[Site "Kazan"]
[Date "2009.01.24"]
[Round "4"]
[White "Mokshanov, Alexey"]
[Black "Terentyev, Vitaly"]
[Result "1-0"]
[WhiteElo "2185"]
[BlackElo "1935"]
[PlyCount "163"]
[EventDate "2009.01.21"]
[EventType "swiss"]
[EventRounds "9"]
[EventCountry "RUS"]
[SourceTitle "EXT 2010"]
[Source "ChessBase"]
[SourceDate "2010.11.25"]
[SourceVersion "1"]
[SourceVersionDate "2010.11.25"]
[SourceQuality "1"]

1. e4 e5 2. Nf3 Nf6 3. Nxe5 d6 4. Nf3 Nxe4 5. Nc3 Nxc3 6. dxc3 Be7 7. Bd3 Nc6 8. Bf4 Be6 9. Qd2 Qd7 10. 0-0-0 a6 11. Be4 Bf6 12. Bg5 Bxg5 13. Nxg5 0-0-0 14. Rhe1 Rde8 15. f4 Nd8 16. Qd4 Kb8 17. Qxg7 Qa4 18. Qd4 Qxa2 19. f5 Bd7 20. Bd5 Qa5 21. g4 h5 22. Nxf7 Nxf7 23. Bxf7 Ref8 24. Bxh5 Bxf5 25. Kb1 Bc8 26. Re7 Rh6 27. b3 Rhf6 28. Kb2 Rf4 29. Re4 Rf2 30. h4 Rh2 31. g5 Bf5 32. Re2 Rxe2 33. Bxe2 Re8 34. Bd3 Bxd3 35. Qxd3 Qe5 36. Rg1 Qh2 37. Qg3 Qd2 38. Qd3 Qh2 39. Qd4 Re2 40. Rc1 Rg2 41. Qh8+ Ka7 42. Qh7 Rxg5 43. Qxc7 Rc5 44. Qh7 Qg3 45. Qd3 Qxh4 46. Qxd6 Qg5 47. Rd1 Rc6 48. Qd7 Qc5 49. Rd3 Rc7 50. Qe8 Rc8 51. Qf7 Rc7 52. Qf3 Qc6 53. Qg3 Rc8 54. Rd4 Qf6 55. Rd6 Qf5 56. Rd4 Qf6 57. Rb4 Qe7 58. Qf3 Rc6 59. Rf4 Qe5 60. Rf7 Qc5 61. Qg3 Rc8 62. Qg7 Qc6 63. Qd4+ Qc5 64. Rf5 Qb6 65. Rf6 Qc5 66. b4 Qxd4 67. cxd4 Rd8 68. c3 Rd7 69. Kc2 b6 70. Kd3 a5 71. bxa5 bxa5 72. c4 a4 73. Rf2 Kb6 74. c5+ Kb5 75. Rb2+ Kc6 76. Kc4 Ra7 77. d5+ Kd7 78. Rh2 Ra6 79. Kb5 Rg6 80. Rh7+ Kd8 81. d6 a3 82. Kc6 1-0

[Event "Kazan-ch op 85th"]
[Site "Kazan"]
[Date "2008.11.29"]
[Round "6"]
[White "Terentyev, Vitaly"]
[Black "Protsenko, Elina"]
[Result "0-1"]
[WhiteElo "1963"]
[BlackElo "1886"]
[PlyCount "66"]
[EventDate "2008.11.22"]
[EventType "swiss"]
[EventRounds "11"]
[EventCountry "RUS"]
[SourceTitle "EXT 2022"]
[Source "ChessBase"]
[SourceDate "2021.10.06"]
[SourceVersion "1"]
[SourceVersionDate "2021.10.06"]
[SourceQuality "1"]

1. d4 d5 2. Bg5 c5 3. dxc5 Qa5+ 4. Nc3 e6 5. e3 Bxc5 6. a3 Bd6 7. Nf3 Nd7 8. Be2 Ngf6 9. 0-0 a6 10. h3 0-0 11. Nd4 Qc7 12. Bf3 h6 13. Bxf6 Nxf6 14. Nde2 Rd8 15. Rb1 b5 16. g3 Bb7 17. Bg2 Rac8 18. Nd4 Qb6 19. Nce2 a5 20. c3 Ba6 21. Re1 b4 22. axb4 axb4 23. Qa4 Bd3 24. Ra1 bxc3 25. bxc3 Be5 26. f4 Bxd4 27. cxd4 Rc2 28. Bf3 Rdc8 29. Qa3 Be4 30. Bxe4 Nxe4 31. Rab1 Qc6 32. Qd3 Nd2 33. Rbd1 Nf3+ 0-1

[Event "EU-ch U12 18th"]
[Site "Herceg Novi"]
[Date "2008.09.23"]
[Round "8"]
[White "Mladenovic, Aleksandar"]
[Black "Terentyev, Vitaly"]
[Result "1/2-1/2"]
[WhiteElo "1619"]
[BlackElo "1924"]
[PlyCount "60"]
[EventDate "2008.09.15"]
[EventType "swiss"]
[EventRounds "9"]
[EventCountry "MNE"]
[SourceTitle "CBM 126 Extra"]
[Source "ChessBase"]
[SourceDate "2008.11.05"]
[SourceVersion "1"]
[SourceVersionDate "2008.11.05"]
[SourceQuality "1"]

1. d4 g6 2. c4 Bg7 3. Nc3 d6 4. e4 Nf6 5. f3 0-0 6. Be3 Nc6 7. Qd2 Rb8 8. Nge2 a6 9. 0-0-0 b5 10. g4 b4 11. Nd5 e5 12. h4 Nxd5 13. cxd5 exd4 14. Nxd4 Nxd4 15. Bxd4 Qd7 16. h5 Bxd4 17. Qxd4 f6 18. hxg6 hxg6 19. Bd3 Qg7 20. Qe3 Kf7 21. Rh6 Rh8 22. Rdh1 Rxh6 23. Rxh6 a5 24. e5 fxe5 25. Rxg6 Qxg6 26. Bxg6+ Kxg6 27. Kd2 Bd7 28. Qa7 Rb5 29. Qxc7 Rxd5+ 30. Ke3 Be6 1/2-1/2